|
|
|
|
| LEADER |
00000nmm0a2200000 4500 |
| 001 |
7771 |
| 005 |
20231030181322.0 |
| 010 |
|
|
|a 5779100705
|
| 035 |
|
|
|a (RuTPU)RU\TPU\book\7816
|
| 035 |
|
|
|a BOOK00007875
|
| 090 |
|
|
|a 7771
|
| 100 |
|
|
|a 20011209d1998 m y0rusy50 ca
|
| 101 |
1 |
|
|a rus
|
| 102 |
|
|
|a RU
|
| 105 |
|
|
|a a z 000zy
|
| 200 |
1 |
|
|a Visual Basic 5
|e Руководство для профессионалов
|f М. МакКелви, Р. Мартинсон, Дж. Веб, Б. Ризельман
|
| 210 |
|
|
|a СПб.
|c BHV-Санкт-Петербург
|d 1998
|
| 215 |
|
|
|a 976 с.
|c ил.
|e Приложение: CD-ROM
|
| 225 |
1 |
|
|a Мастер
|
| 610 |
1 |
|
|a языки программирования
|
| 610 |
1 |
|
|a операционные системы
|
| 610 |
1 |
|
|a Visual Basic 5
|
| 610 |
1 |
|
|a Windows 95
|
| 610 |
1 |
|
|a Windows NT
|
| 610 |
1 |
|
|a DLL
|
| 610 |
1 |
|
|a ActiveX
|
| 610 |
1 |
|
|a базы данных
|
| 610 |
1 |
|
|a БД
|
| 610 |
1 |
|
|a СУБД
|
| 610 |
1 |
|
|a OLE
|
| 610 |
1 |
|
|a интеграция
|
| 610 |
1 |
|
|a Интернет
|
| 610 |
1 |
|
|a Internet
|
| 610 |
1 |
|
|a CD-ROM
|
| 675 |
|
|
|a 681.3.066
|v 3
|
| 701 |
|
1 |
|a МакКелви
|b М.
|
| 701 |
|
1 |
|a Мартинсон
|b Р.
|
| 701 |
|
1 |
|a Веб
|b Дж.
|
| 701 |
|
1 |
|a Ризельман
|b Б.
|
| 801 |
|
0 |
|a RU
|b 63413507
|c 20011209
|g PSBO
|
| 801 |
|
2 |
|a RU
|b 63413507
|c 20150408
|g PSBO
|
| 942 |
|
|
|c MX
|